EG (Record no. 82039)

MARC details
000 -LEADER
fixed length control field 01164cab a22002295a 4500
001 - CONTROL NUMBER
control field L149040
008 - FIXED-LENGTH DATA ELEMENTS--GENERAL INFORMATION
fixed length control field 091216s2009 xxk 000 0 eng d
035 ## - SYSTEM CONTROL NUMBER
System control number (Sirsi) u149040
041 0# - LANGUAGE CODE
Language code of text/sound track or separate title eng
100 1# - MAIN ENTRY--PERSONAL NAME
Personal name Norwood, Graham
245 00 - TITLE STATEMENT
Title EG
Remainder of title Residential
260 ## - PUBLICATION, DISTRIBUTION, ETC.
Date of publication, distribution, etc. 2009
490 ## - SERIES STATEMENT
Series statement Estates Gazette
Volume/sequential designation (0997) 28 November 2009, 73-85(11)
520 ## - SUMMARY, ETC.
Summary, etc. The housing market did not see a lot of forced sales, so there was not the anticipated growth in the institutional residential investment market, that the Homes and Community Agency (HCA) tried to start; a survey of housing prices around the UK, predicting that the current limited growth will be short-lived; a prediction that future development schemes will be smaller-scale than in the boom years; and a look at draft guidance The London Housing Design Guide (LHDG) that recommends minimum sizes for social housing in London.
590 ## - LOCAL NOTE (RLIN)
Local note KA
650 24 - SUBJECT ADDED ENTRY--TOPICAL TERM
Topical term or geographic name entry element LONDON HOUSING DESIGN GUIDE
650 24 - SUBJECT ADDED ENTRY--TOPICAL TERM
Topical term or geographic name entry element PRIVATE RENTED SECTOR INTIATIVE
650 24 - SUBJECT ADDED ENTRY--TOPICAL TERM
Topical term or geographic name entry element HOMES AND COMMUNITY AGENCY (HCA)
651 #4 - SUBJECT ADDED ENTRY--GEOGRAPHIC NAME
Geographic name United Kingdom
Chronological subdivision
690 ## - LOCAL SUBJECT ADDED ENTRY--TOPICAL TERM (OCLC, RLIN)
Topical term or geographic name as entry element PROPERTY-RESIDENTIAL PROPERTY-RESIDENTIAL PROPERTY MARKET
942 ## - ADDED ENTRY ELEMENTS (KOHA)
Suppress in OPAC 0
Holdings
Withdrawn status Lost status Source of classification or shelving scheme Damaged status Not for loan Home library Current library Shelving location Date acquired Total Checkouts Full call number Barcode Date last seen Copy number Price effective from Koha item type
    Dewey Decimal Classification     London London Journal article 16/12/2009   L149040 149040-1001 06/08/2019 1 06/08/2019 Journal article